000 00749nam a22002057a 4500
999 _c20582
_d20582
003 AR-CdUCM
008 190516b ||||| |||| 00| 0 spa d
040 _aMUNICIPALIDAD PROVINCIAL DEL CUSCO
_cBIBLIOTECA MUNICIPAL DEL CUSCO
082 _a869.56 /
_bB18
100 _aBallón, Juan Francisco
_940283
245 _aPoemas antología :
_bde: La senda iluminada, mosaicos y azulejos, veinte poemas fáciles, celuloide, tierra de promisión, el arquero invisible y litis /
260 _aArequipa :
_bUniversitaria de Arequipa,
_c1970.
300 _a302 páginas ;
_c22cm.
500 _a[libro reempastado]
505 _aContenido : Poemas.
650 _aLiteratura
_983
650 _aPerú antiguo
_918455
942 _2ddc
_cLIBROS
945 _aAndy